000 01201nam a22003977a 4500
003 CHAP
005 20240523082612.0
008 090825s2006 it d rn 00010 eng d
010 _a94286
011 _a95258
020 _a9789251056004
035 _a105875
040 _cCHAP
082 0 4 _a630
_bF32y v.37
110 2 _aFAO
245 1 4 _aThe state of food and agriculture, 2006
_c/by FAO
260 _aRome :
_bFAO,
_c2006
300 _axii, 168 p. :
_bgráfs., mapas, tablas; + 1 Mini CD
490 0 _aAgricultura
_v; 37
500 _aCD esta en cinco idiomas.
590 _aBATCH-UPD
_b10
_c20130110
590 _aBATCH-UPD
_b10
_c20130410
590 _aBATCH-UPD
_b10
_c20130914
590 _aCONVERSION
_b10
_c20130109
650 1 4 _aAgricultura
_xEstadisticas.
_91417
650 1 4 _aAlimentos
_xAbastecimiento.
650 1 4 _aCambios climáticos.
_917792
650 1 4 _aEcosistema.
_935290
650 1 4 _aPolítica agrícola.
_990283
650 1 4 _aProductos agrícolas
_xMercadeo.
_991951
830 0 _aAgricultura
_v; 37
_91173
901 _aBK
911 _aen proceso
942 _cLIBRO
_2ddc
949 _a630 F32y v.37
_bBC
_cFAO
_d33724002045363
_eFAO1
_gDonaciØn
_h108896
_i105875
_sb
999 _c94286
_d94286